| 000 | 00961nam a2200253Ia 4500 | ||
|---|---|---|---|
| 003 | OSt | ||
| 005 | 20221005112909.0 | ||
| 006 | a|||||r|||| 00| 0 | ||
| 007 | ta | ||
| 008 | 221004b |||||||| |||| 00| 0 pan d | ||
| 020 |
_a9788178730639 (pbk) _c149 |
||
| 024 | _a11883 | ||
| 037 |
_b832, 15/03/2014, H.K. Prakashan _cTextual |
||
| 040 |
_aCRL _cCRL _bpan |
||
| 041 |
_2pan _apan |
||
| 082 | _aQ8441wK21, 153Q3 | ||
| 100 | _aਕਾਮੀਕਾਗ਼ੇ, ਇੰਦਰਜੀਤ ਸਿੰਘ | ||
| 245 | 0 | _aਭੈ ਕਾਹੂ ਕੳ ਦੇਤ ਨਹਿ ਗੁਰੂ ਤੇਫ਼ ਬਹਾਦਰ ਸਾਹਿਬ | |
| 260 |
_aਦਿੱਲੀ _bਸਿੱਖ ਖ਼ਾਉ੍ਵਡੇFਨ ਭਾਰਤ _c2013 |
||
| 300 |
_a96ਪੰ _ccm. |
||
| 650 | _aਧਰਮ | ||
| 942 |
_hQ8441wK21, 153Q3 _cTEXL _2cc |
||
| 999 |
_c1026357 _d1026357 |
||